000 00243nam a2200097Ia 4500
001 987606
005 20250826221123.0
008 250824s9999 xx 000 0 und d
245 0 _aKENDİNİ BULMAK
_cİHSAN FAZILOĞLU
260 _bKETEBE YAYINEVİ
999 _c987606
_d987606